Maat ilman kirjaimia JETPUNK - Statistics

Yleistilastot
  • Tätä visaa on pelattu 218 kertaa
  • Keskiarvotulos 5 / 16
Vastaustilastot
maanosa vastaus % Oikein
Eurooppa Viro
63%
Etelä-Amerikka Brasilia
48%
Oseania Fidži
46%
Etelä-Amerikka Bolivia
42%
Oseania Samoa
41%
Afrikka Mali
39%
Afrikka Malawi
30%
Pohjois-Amerikka Bahama
29%
Aasia Laos
28%
Afrikka Libya
28%
Pohjois-Amerikka Barbados
24%
Afrikka Gambia
24%
Afrikka Sambia
22%
Afrikka Somalia
22%
Eurooppa Moldova
16%
Aasia Syyria
14%
Ehtoja vastaavia visoja ei löytynyt
Tulosjakauma
Jokaisen tuloksen saaneiden osuus
Persentiili vastausten määrän mukaan
Tuloshistoriasi
Et ole pelannut tätä visaa